Một thế kỷ văn học yêu nước, cách mạng Thành phố Hồ Chí Minh 1900 - 2000 : Giai đoạn 1945 - 1975. Phần 1, Giai đoạn 1945 - 1954, Quyển 2 /

সংরক্ষণ করুন:
গ্রন্থ-পঞ্জীর বিবরন
সংস্থা লেখক: Ban Tuyên giáo Thành ủy Thành phố Hồ Chí Minh.
অন্যান্য লেখক: Mai Quốc Liên, GS.TS. (tổng chủ biên và chủ biên.), Vũ Hạnh (chủ biên.)
বিন্যাস: Sách giấy
ভাষা:Vietnamese
প্রকাশিত: Tp. Hồ Chí Minh : Văn hóa - Văn nghệ, 2015.
বিষয়গুলি:
ট্যাগগুলো: ট্যাগ যুক্ত করুন
কোনো ট্যাগ নেই, প্রথমজন হিসাবে ট্যাগ করুন!
Thư viện lưu trữ: Thư viện Trường Đại học Đà Lạt
LEADER 01350nam a2200349 4500
001 DLU210196595
005 ##20210616
020 # # |a 9786046819035 
040 # # |a DLU  |b vie 
041 # # |a vie 
044 # # |a vn 
082 # # |a 895.922 08  |b BAN 
110 # # |a Ban Tuyên giáo Thành ủy Thành phố Hồ Chí Minh. 
245 # # |a Một thế kỷ văn học yêu nước, cách mạng Thành phố Hồ Chí Minh 1900 - 2000 :  |b Giai đoạn 1945 - 1975.  |n Phần 1, Giai đoạn 1945 - 1954,  |p Quyển 2 /  |c Ban Tuyên giáo Thành ủy Thành phố Hồ Chí Minh; Mai Quốc Liên tổng chủ biên và chủ biên; Vũ Hạnh chủ biên. 
260 # # |a Tp. Hồ Chí Minh :  |b Văn hóa - Văn nghệ,  |c 2015. 
300 # # |a 726 tr. :  |b ảnh chân dung;  |c 27 cm. 
650 # # |a Hợp tuyển. 
650 # # |a Văn học Việt Nam  |z Việt Nam  |z Thành phố Hồ Chí Minh  |y 1945-1954. 
700 # # |a Mai Quốc Liên,  |c GS.TS.  |e tổng chủ biên và chủ biên. 
700 # # |a Vũ Hạnh,  |e chủ biên. 
923 # # |a 03/2021 
990 # # |a tI,b 
991 # # |a SH 
992 # # |a 36000 
994 # # |a DLU 
900 # # |a True 
911 # # |a Nguyễn Thanh Hương 
925 # # |a G 
926 # # |a A 
927 # # |a SH 
980 # # |a Thư viện Trường Đại học Đà Lạt